000
00215nam a2200097Ia 4500
005
20251222114339.0
008
251222s1900||||xx |||||||||||||| ||spa||
082
_a
DVD0060/C72/2015
245
0
_a
Asu mare! 2:
942
_c
DVD
999
_c
801
_d
801